Simpsons Termin-diddly-ology Quiz Stats

 Plays Quiz Updated Jan 12, 2018

Also try: The Simpsons
Challenge
Share
Tweet
Embed
Score 0/50 Timer 10:00
1 Play Today
% Correct
Hey-dilly-ho
91%
Crayola Oblongata
89.7%
Bagzooka
89.6%
Rastafy
89.3%
Drunkening
89%
Unblowuppable
88.5%
Dorkus Molorkus
88.3%
Dumpster Buns
87.8%
She.U.I.
87.5%
Unpossible
87.1%
Onetuplet
87%
Screamapiller
86.4%
Wiggle Puppy
85.3%
No-Breath
85%
America Junior
84.2%
Craptacular
84%
Meh
83.7%
Neglecterino
83.5%
Malparkage
83.4%
Shirt-Wiener
82.8%
Megacide
82.8%
Flanswered
82.7%
Gamblor
82%
Velocitator
80.7%
Yellow Fatty-Beans
80.6%
% Correct
Microcalifragilistics
80.1%
Smarch
79.4%
Pull a Homer
79.3%
Rageohol
79.2%
Yoink
79%
Texas Left
78.8%
Quetzalzacatenango
78.3%
Retirony
78%
Bovine University
76.8%
Uppity Box
75.5%
Embiggen
75.4%
Introubulate
74.7%
Little Horse
73.6%
California Cheeseburger
73.4%
Tasty-Fake
71.5%
Bonus Eruptus
68.9%
Knifey Spooney
68.8%
Pointy Kitty
68.5%
Spiritual De-pantsing
68.1%
Johnny Lunchpail
67.2%
Cromulent
66.2%
Jumping Box
61.4%
Holy Flurking Schnit
59.7%
Kwyjibo
53.8%
Nutty Fudgekins
49.7%

You're not logged in!

Compare scores with friends on all Sporcle quizzes.
Join for Free
OR
Log In

You Might Also Like...

Show Comments

Extras

Top Quizzes Today


Score Distribution

Your Account Isn't Verified!

In order to create a playlist on Sporcle, you need to verify the email address you used during registration. Go to your Sporcle Settings to finish the process.

Report this User

Report this user for behavior that violates our Community Guidelines.

Details: